PROCESS DRYING PRACTICE (Registro nro. 52262)
[ vista simple ]
| 000 -LEADER | |
|---|---|
| fixed length control field | 00871nam a2200205 a 4500 |
| 001 - CONTROL NUMBER | |
| control field | 52262 |
| 005 - DATE AND TIME OF LATEST TRANSACTION | |
| control field | 20180714042039.0 |
| 008 - FIXED-LENGTH DATA ELEMENTS--GENERAL INFORMATION | |
| fixed length control field | 140415s1991 xxu 000 0 eng d |
| 020 ## - INTERNATIONAL STANDARD BOOK NUMBER | |
| International Standard Book Number | 0070124620 |
| 041 ## - LANGUAGE CODE | |
| Language code of text/sound track or separate title | eng |
| 082 ## - DEWEY DECIMAL CLASSIFICATION NUMBER | |
| Classification number | 660.28426 |
| Item number | COO |
| 100 1# - MAIN ENTRY--PERSONAL NAME | |
| Personal name | COOK, EDWARD M. |
| 245 10 - TITLE STATEMENT | |
| Title | PROCESS DRYING PRACTICE |
| 250 ## - EDITION STATEMENT | |
| Edition statement | 1a ed. |
| 260 ## - PUBLICATION, DISTRIBUTION, ETC. | |
| Place of publication, distribution, etc. | ESTADOS UNIDOS DE AMERICA : |
| Name of publisher, distributor, etc. | MCGRAW HILL INC., |
| Date of publication, distribution, etc. | 1991 |
| 300 ## - PHYSICAL DESCRIPTION | |
| Extent | 705 |
| Dimensions | 15.4 x 2.3 x 23.4 |
| 520 ## - SUMMARY, ETC. | |
| Summary, etc. | THIS PRACTICAL GUIDE SUMMARIZES DRYING THEORY AND DESCRIBES THE MOST WIDELY USED DIRECT AND ID¿NDIRECT DRYERS FOR PARTICULAR MATERIALS. IR MAIN FOCUS, HOWEVER, IS TO EXPLAIN ALL THE IMPORTANT TOOLS AND TECHNIQUES OF INDUSTRIAL DRYING, USING STEP BY STEP PROCEDURES, GRAPHS, AND CALCULATION METHODS WITH ALL THE ESSENTIAL EQUATIONS. |
| 650 14 - SUBJECT ADDED ENTRY--TOPICAL TERM | |
| Topical term or geographic name entry element | SECADO |
| 700 1# - ADDED ENTRY--PERSONAL NAME | |
| Personal name | DUMONT, HARMAN D. |
| Relator term | coaut. |
| Withdrawn status | Lost status | Source of classification or shelving scheme | Damaged status | Not for loan | Collection code | Home library | Current library | Shelving location | Date acquired | Source of acquisition | Inventory number | Total Checkouts | Full call number | Barcode | Date last seen | Date last checked out | Price effective from | Koha item type |
|---|---|---|---|---|---|---|---|---|---|---|---|---|---|---|---|---|---|---|
| Dewey Decimal Classification | General | Biblioteca Karol Wojtyla | Biblioteca Karol Wojtyla | Sala general | 03/12/2013 | Compra | 151000000000000000030716 | 1 | 660.28426 COO | 77691 | 05/01/2026 | 02/12/2019 | 03/12/2013 | Libro |